Biología I Educación Media
Guardat en:
| Autors principals: | , |
|---|---|
| Altres autors: | |
| Format: | Llibre |
| Idioma: | espanyol |
| Publicat: |
Santiago
Santillana
1999
|
| Matèries: | |
| Etiquetes: |
Afegir etiqueta
Sense etiquetes, Sigues el primer a etiquetar aquest registre!
|
MARC
| LEADER | 00000nam a2200000 a 4500 | ||
|---|---|---|---|
| 001 | UCH6626 | ||
| 003 | CL-VaPUC | ||
| 008 | 091109e19990000CL |||||||||||||||||spa|d | ||
| 020 | |a 9561504421 | ||
| 082 | 0 | 4 | |a 570.712 |b JER |2 21 |
| 100 | |a Jerez Alvarez, José Manuel |e author |9 543272 | ||
| 700 | |a López Marfull, Juan José |e autor |9 543277 | ||
| 700 | 0 | |a Trisotti Cerezo, Angela |e author |9 543274 | |
| 245 | 1 | 0 | |a Biología I Educación Media |
| 300 | |a 239 p | ||
| 942 | |c BK | ||
| 945 | |d 20091109 00:00:00 |a lazolas | ||
| 260 | |a Santiago |b Santillana |c 1999 | ||
| 650 | 0 | |a Educación científica |9 307484 | |
| 650 | 0 | |a Libros de texto |9 270019 | |
| 650 | 0 | |a Métodos de enseñanza |9 270413 | |
| 650 | 0 | |a Biología |9 262022 | |
| 583 | |a last modification |c 20091109 00:00:00 |k Rodrigo Vera | ||
| 999 | |c 337478 |d 337476 | ||